Des jeux télévisés de A à Z - Statistiques

Statistiques générales
  • Ce quiz a été pris 306 fois
  • Le résultat moyen est 9 sur 26
Statistiques - réponses
Hint Indice Réponse % Correct
B A. Chabat {Burger quiz}
83%
F O. Minne {Fort Boyard}
82%
A JL Reichmann {Attention à la marche}
80%
D JL Reichmann Les {Douze coups de midi}
80%
N Nagui {N'oubliez pas les paroles}
78%
S Cyril Féraud {Slam}
73%
Q Lepers / S. Etienne {Question pour un champion}
71%
J P. Roy / Ph. Risoli / V. Lagaf Le {juste prix}
64%
T Nagui - Jarry {Tout le monde veut prendre sa place}
60%
R B. Castaldi La {Roue de la fortune}
36%
P P. Laffont / MA Nardi / O. Minne {Pyramide}
31%
C B. Guillon {Chacun son tour}
28%
M C. Combal {Mask Singer}
23%
G JL Lemoine {Guess my age} Saurez-vous deviner mon âge ?
22%
I J. Faggianelli {In ze boite}
18%
W Ch. Dechavanne {Wish list} la liste de vos envies
16%
O V. Lagaf L'{Or à l'appel}
9%
X S. Davant / G. Franck La piste de {Xapatan}
6%
Z JP Foucault {Zone rouge}
5%
E J. Courbet {En toutes lettres}
4%
K A. Debanne Le {Kadox}
2%
H B. Castaldi {Hold Up}
1%
L G. Lux {Le Schmilblick}
1%
V Nagui {Volte face}
1%
Y - Aucun
0%
U V. Perrot {Un contre tous}
0%
Aucun quiz correspondant
Distribution des résultats
% des personnes avec chaque résultat
Percentile par nombre de réponses
Votre historique - résultats
Vous n’avez pas pris ce quiz